000 00753cab a2200265 4500
001 WB2849-13
008 090401t1992 xxu||||| |||| 00| 0 eng d
035 _a(Sirsi) u44820
041 _aeng
245 _aMore failures expected
260 _c1992
350 _a0
490 _aDaily Telegraph
_v15 December 1992, 23(1)
520 _aProperty analysts are forecasting more quoted property company failures and draw comparisons with the situation in the mid-1970s.
650 _a1970S
650 _aCOMPANY FAILURES
650 _aPROPERTY COMPANIES
650 _aPROPERTY INDUSTRY
650 _aRECEIVERSHIP
650 _aRECESSION
650 _aSLUMP
690 _aPROPERTY-COMMERCIAL PROPERTY
942 _n0
948 _c04/03/1997
999 _c28480
_d28480